| 000 | 00935nam a2200241Ii 4500 | ||
|---|---|---|---|
| 003 | JO-AjNU | ||
| 008 | 230605s9999||||xx |||||||||||||| ||und|| | ||
| 017 | _a22/2212 | ||
| 020 | _a9960-741-20-6 | ||
| 040 |
_aJO-AjNU _bara _erda _cJO-AjNU |
||
| 041 | _aara | ||
| 050 | 1 | 4 | _aBP87.H39.2002 |
| 100 | 3 |
_aالحازمي،ابراهيم بن عبد الله, _eauthor _912962 |
|
| 245 | 0 | 0 | _aالفرج بعد الشدة والضيقة :قصص واقعية للانبياء والرسل،للصحابة والتابعين،للمتقدمين والمتأخرين والمعاصرين، ج7 |
| 250 | _aط2 | ||
| 264 | 3 | 1 | _aالرياض:دار الشريف للنشر والتوزيع ، 2002 |
| 300 | _aج7، 195ص | ||
| 336 |
_atext _btxt _2rdacontent |
||
| 337 |
_aunmediated _bn _2rdamedia |
||
| 338 |
_avolume _bnc _2rdacarrier |
||
| 490 | 0 | _aسلسلة القصص الحق 7 | |
| 650 | 4 |
_aالصبر-قصص الانبياء _912963 |
|
| 999 |
_aA3102 _c6670 _d6670 |
||